| 000 | 00835nam a2200253Ia 4500 | ||
|---|---|---|---|
| 999 |
_c54288 _d54288 |
||
| 001 | 21344 | ||
| 003 | GE_BSU | ||
| 005 | 20210910174051.0 | ||
| 008 | 181216s2017||||ru |||||||||||||| ||rus|| | ||
| 020 | _a9785406059074 | ||
| 040 | _cGE_BSU | ||
| 041 | _arus | ||
| 080 | _a327(075.8) К-90 | ||
| 100 |
_aКулагин, В. М. _912453 |
||
| 245 |
_aСовременная международная безопасность ; _bУчебное пособие / _cВ. М. Кулагин. _h |
||
| 264 |
_aМосква : _bКнорус, _c2017. |
||
| 300 |
_a431 стр. ; _c 22 см. |
||
| 440 |
_aБакалавриат _912412 |
||
| 541 | _h123 Л. | ||
| 653 | _aПолитика | ||
| 653 | _aСовременная международная безопасность | ||
| 653 | _aპოლიტიკა | ||
| 942 |
_cBK _2udc |
||